[Event "21st European Teams Women"]
[Site "Hersonissos GRE"]
[Date "2017.10.30"]
[Round "3.15"]
[Board "2"]
[White "Vanhuyse, Nele"]
[Black "Maroroa, Sue"]
[Result "1/2-1/2"]
[WhiteTitle "WFM"]
[BlackTitle "WIM"]
[WhiteElo "2061"]
[BlackElo "2077"]
[WhiteTeam "Belgium"]
[BlackTeam "England"]
[WhiteFideId "228818"]
[BlackFideId "4301498"]
[EventDate "2017.10.28"]

1. e4 e5 2. Nf3 Nc6 3. Bc4 Bc5 4. c3 Nf6 5. d3 d6 6. Bb3 a6 7. h3 Ba7 8. Nbd2
O-O 9. O-O Ne7 10. Re1 Ng6 11. d4 Qe7 12. Nc4 h6 13. a4 Be6 14. Ne3 Bxb3 15.
Qxb3 exd4 16. Nf5 Qe6 17. Qxe6 fxe6 18. N5xd4 e5 19. Nf5 Nh5 20. Be3 Bxe3 21.
Rxe3 Nhf4 22. a5 Rf7 23. h4 Ne7 24. Ng3 Raf8 25. b4 Kh7 26. Rb1 Ng8 27. c4 Nf6
28. c5 Ng4 29. Ra3 d5 30. exd5 Nxd5 31. b5 axb5 32. Rxb5 c6 33. Rb2 Ndf6 34.
Rab3 Ra8 35. Ra3 Rd7 36. Rb1 Rd5 37. Rc1 e4 38. Ne1 Rad8 39. Raa1 Rd2 40. f3
exf3 41. Nxf3 R2d5 42. Rab1 Ra8 43. Ra1 Ne5 44. Nxe5 Rxe5 45. Rc4 h5 46. Kf1 Ng4
47. Kg1 Rae8 48. Rcc1 Kg6 49. a6 bxa6 50. Rxa6 Re1+ 51. Rxe1 Rxe1+ 52. Nf1 Ne5
53. g3 Rc1 54. Kf2 Rxc5 55. Nd2 Kf5 56. Ra4 Ng4+ 57. Kf1 Rc3 58. Rf4+ Kg6 59.
Nf3 Re3 60. Nd4 c5 61. Nf5 Re6 62. Kg2 Ne3+ 63. Nxe3 Rxe3 64. Rc4 Re5 65. Kf3
Kf5 66. Ra4 Rd5 67. Rf4+ Ke5 68. Re4+ Kd6 69. Ra4 Rd3+ 70. Kf2 Ke5 71. Ra7 g6
72. Re7+ Kf5 73. Rf7+ Ke5 74. Re7+ Kd4 75. Re6 c4 76. Rxg6 c3 77. Rc6 Rd2+ 78.
Ke1 Rg2 79. Rc8 Rxg3 80. Kd1 Rg1+ 81. Kc2 Rg2+ 82. Kc1 Rh2 83. Rd8+ Ke4 84. Re8+
Kf4 85. Rc8 Rxh4 86. Rxc3 Kg5 87. Kd2 Rf4 88. Ke2 h4 89. Rc8 Kg4 90. Rg8+ Kh3
91. Rg7 Kh2 92. Rg8 h3 93. Rg7 Rf8 94. Rg6 Kh1 95. Rg7 h2 96. Rg6 Ra8 97. Kf1
Ra1+ 98. Kf2 Rg1 99. Rh6 Rg7 100. Rf6 Rg2+ 101. Kf1 Ra2 102. Rg6 Ra1+ 103. Kf2
Rg1 104. Rh6 Rg2+ 105. Kf1 1/2-1/2

[Event "21st European Teams Women"]
[Site "Hersonissos GRE"]
[Date "2017.10.30"]
[Round "3.15"]
[Board "3"]
[White "Kalaiyalahan, Akshaya"]
[Black "Barbier, Wiebke"]
[Result "1-0"]
[WhiteTitle "FM"]
[WhiteElo "2026"]
[BlackElo "2013"]
[WhiteTeam "England"]
[BlackTeam "Belgium"]
[WhiteFideId "422894"]
[BlackFideId "207977"]
[EventDate "2017.10.28"]

1. d4 d6 2. Nf3 Nf6 3. c4 Nbd7 4. Nc3 e5 5. g3 Be7 6. Bg2 O-O 7. O-O c6 8. e4 a5
9. Re1 Re8 10. h3 Bf8 11. Be3 Qc7 12. Rc1 exd4 13. Nxd4 Nc5 14. Qc2 Ne6 15. Nf5
Nc5 16. Bd4 Nfd7 17. f4 Ne6 18. Bf2 g6 19. Nd4 Ndc5 20. Rcd1 Bg7 21. Nf3 Nd7 22.
Qd2 Bf8 23. b3 Ng7 24. Kh1 Nc5 25. g4 Nd7 26. Bg3 Kh8 27. Bh2 Nc5 28. f5 gxf5
29. exf5 Rd8 30. Qc2 Ne8 31. Ne4 Nxe4 32. Qxe4 Kg8 33. Qf4 a4 34. Qg5+ Kh8 35.
b4 Bd7 36. Qh5 Bc8 37. Ng5 Nf6 38. Qxf7 1-0

[Event "21st European Teams Women"]
[Site "Hersonissos GRE"]
[Date "2017.10.30"]
[Round "3.15"]
[Board "4"]
[White "Vanduyfhuys, Daria"]
[Black "Bhatia, Kanwal K"]
[Result "1-0"]
[WhiteTitle "WCM"]
[BlackTitle "WFM"]
[WhiteElo "1737"]
[BlackElo "2080"]
[WhiteTeam "Belgium"]
[BlackTeam "England"]
[WhiteFideId "246336"]
[BlackFideId "407496"]
[EventDate "2017.10.28"]

1. d4 Nf6 2. c4 c5 3. d5 b5 4. Qc2 b4 5. e4 d6 6. f4 Nbd7 7. Nf3 Qc7 8. Bd3 a5
9. a4 e5 10. O-O Be7 11. b3 Bb7 12. Qf2 O-O-O 13. fxe5 Nxe5 14. Nxe5 dxe5 15.
Nd2 Kb8 16. Nf3 Bd6 17. Bg5 Rdg8 18. Bxf6 gxf6 19. Nh4 Be7 20. Nf5 Rg6 21. Be2
Bc8 22. Nxe7 Qxe7 23. Rad1 Qd6 24. Rd3 Rhg8 25. Rf3 Bg4 26. Re3 Bd7 27. Kh1 Rg5
28. Rf3 f5 29. exf5 f6 30. Rg1 Kb7 31. h3 Kb6 32. g4 h5 33. Rfg3 hxg4 34. Bxg4
Rh8 35. R1g2 e4 36. Re3 Qe5 37. Qg3 Qxg3 38. Rgxg3 Rh4 39. Rxe4 Bxf5 40. Bxf5
Rxe4 41. Rxg5 1-0

[Event "21st European Teams Women"]
[Site "Hersonissos GRE"]
[Date "2017.10.30"]
[Round "3.16"]
[Board "1"]
[White "Nazarova, Anastasia"]
[Black "Newrkla, Katharina"]
[Result "1-0"]
[WhiteTitle "WCM"]
[BlackTitle "WIM"]
[WhiteElo "1997"]
[BlackElo "2170"]
[WhiteTeam "Finland"]
[BlackTeam "Austria"]
[WhiteFideId "34101737"]
[BlackFideId "1621629"]
[EventDate "2017.10.28"]

1. e4 c5 2. Nf3 d6 3. d4 cxd4 4. Nxd4 Nf6 5. Nc3 a6 6. Be3 e5 7. Nb3 Be7 8. f3
Be6 9. Qd2 O-O 10. O-O-O a5 11. a4 Nc6 12. g4 Nb4 13. Kb1 Rc8 14. g5 Nh5 15. Rg1
f5 16. gxf6 Nxf6 17. Nc5 Bd7 18. Nxb7 Qc7 19. Nxd6 Bxd6 20. Qxd6 Bxa4 21. Qe6+
Kh8 22. Rd2 Rcd8 23. Bb6 Bxc2+ 24. Rxc2 Rd1+ 25. Rc1 Rxc1+ 26. Kxc1 Qb7 27. Bc5
Re8 28. Qb6 Qa8 29. Qa7 Qxa7 30. Bxa7 Nh5 31. Be3 Rf8 32. Be2 Nc6 33. Nd5 Nd4
34. Bxd4 exd4 35. Rd1 1-0

[Event "21st European Teams Women"]
[Site "Hersonissos GRE"]
[Date "2017.10.30"]
[Round "3.16"]
[Board "2"]
[White "Teuschler, Barbara"]
[Black "Dannenberg, Alia"]
[Result "1/2-1/2"]
[WhiteTitle "WFM"]
[WhiteElo "2228"]
[BlackElo "1975"]
[WhiteTeam "Austria"]
[BlackTeam "Finland"]
[WhiteFideId "1602047"]
[BlackFideId "504688"]
[EventDate "2017.10.28"]

1. e4 d5 2. exd5 Qxd5 3. Nc3 Qa5 4. d4 Nf6 5. Bc4 Bg4 6. f3 Bf5 7. Ne2 c6 8. O-O
e6 9. Ng3 Bg6 10. Nce4 Be7 11. Nxf6+ Bxf6 12. Ne4 Be7 13. Bf4 O-O 14. Qe2 Nd7
15. c3 Nf6 16. Bg3 Rfd8 17. Bb3 Rd7 18. Rfe1 Nxe4 19. fxe4 c5 20. d5 exd5 21.
exd5 Bf8 22. Qg4 Rad8 23. Bh4 f6 24. Rad1 b5 25. c4 bxc4 26. Bxc4 Bd6 27. Bf2
Qb4 28. b3 Qb8 29. h4 Bf7 30. h5 Bf8 31. Qf5 Qd6 32. Bh4 Re7 33. Rxe7 Bxe7 34.
Rd3 Re8 35. Bg3 Qb6 36. Re3 Qd8 37. d6 Bxc4 38. dxe7 Qd4 39. Bf2 Bf7 40. Re1 Qd2
41. Qxc5 Qxa2 42. b4 a6 43. h6 Qd5 44. Qa7 Qd2 45. hxg7 Qxb4 46. Qd7 Kxg7 47.
Re3 Bg6 48. Be1 Qc5 49. Qe6 Bf5 50. Qb3 Rxe7 51. Bf2 Rxe3 52. Bxe3 1/2-1/2

[Event "21st European Teams Women"]
[Site "Hersonissos GRE"]
[Date "2017.10.30"]
[Round "3.16"]
[Board "3"]
[White "Puuska, Heini"]
[Black "Schnegg, Anna-Lena"]
[Result "1-0"]
[WhiteTitle "WFM"]
[BlackTitle "WFM"]
[WhiteElo "1947"]
[BlackElo "2114"]
[WhiteTeam "Finland"]
[BlackTeam "Austria"]
[WhiteFideId "502324"]
[BlackFideId "1625268"]
[EventDate "2017.10.28"]

1. d4 d5 2. c4 e6 3. Nc3 Be7 4. cxd5 exd5 5. Bf4 c6 6. e3 Bf5 7. Nge2 Nf6 8. Ng3
Bg6 9. h4 h6 10. h5 Bh7 11. Bd3 Bd6 12. Bxd6 Qxd6 13. Bxh7 Nxh7 14. Qg4 O-O 15.
Nf5 Qf6 16. Rh3 Kh8 17. Rg3 g5 18. e4 Na6 19. exd5 Nb4 20. Kf1 Nxd5 21. Nxd5
cxd5 22. Rc3 Rfe8 23. Ne3 Rad8 24. Qf5 Re7 25. Rc8 Rde8 26. Rxe8+ Rxe8 27. Rc1
Qxd4 28. Rc8 Qa4 29. Qe5+ Nf6 30. Qxf6+ Kg8 31. Rxe8+ Qxe8 32. Nf5 1-0

[Event "21st European Teams Women"]
[Site "Hersonissos GRE"]
[Date "2017.10.30"]
[Round "3.16"]
[Board "4"]
[White "Novkovic, Julia"]
[Black "Walta, Paivi"]
[Result "1-0"]
[WhiteTitle "WFM"]
[BlackTitle "WFM"]
[WhiteElo "2111"]
[BlackElo "1672"]
[WhiteTeam "Austria"]
[BlackTeam "Finland"]
[WhiteFideId "12000086"]
[BlackFideId "504513"]
[EventDate "2017.10.28"]

1. e4 c5 2. Nf3 Nc6 3. Bb5 e6 4. O-O Nge7 5. Re1 g6 6. Nc3 Bg7 7. b3 O-O 8. Bb2
d5 9. Na4 dxe4 10. Bxg7 Kxg7 11. Rxe4 Nd4 12. Nxd4 cxd4 13. c3 dxc3 14. dxc3
Qxd1+ 15. Rxd1 b6 16. Red4 Nf5 17. R4d2 Bb7 18. Rd7 Rab8 19. Be2 Kf6 20. Rc7
Rfc8 21. Rdd7 Rxc7 22. Rxc7 Ne7 23. c4 Nf5 24. Nc3 Nd4 25. Bd3 a6 26. f4 h5 27.
Kf2 h4 28. h3 Ba8 29. Rd7 Nf5 30. Be4 Ng3 31. Bf3 b5 32. c5 Bxf3 33. Kxf3 Rc8
34. b4 a5 35. Nxb5 axb4 36. Nd6 Rf8 37. c6 e5 38. c7 Ke6 39. Rd8 1-0

[Event "21st European Teams Women"]
[Site "Hersonissos GRE"]
[Date "2017.10.31"]
[Round "4.1"]
[Board "1"]
[White "Vega Gutierrez, Sabrina"]
[Black "Socko, Monika"]
[Result "1-0"]
[WhiteTitle "IM"]
[BlackTitle "GM"]
[WhiteElo "2405"]
[BlackElo "2479"]
[WhiteTeam "Spain"]
[BlackTeam "Poland"]
[WhiteFideId "2219026"]
[BlackFideId "1106619"]
[EventDate "2017.10.28"]

1. e4 c6 2. d4 d5 3. e5 Bf5 4. Nd2 e6 5. Nb3 Nd7 6. Nf3 Ne7 7. Be2 Bg6 8. O-O
Nf5 9. a4 Be7 10. a5 Bh5 11. h3 Bxf3 12. Bxf3 Bg5 13. Bg4 Bxc1 14. Qxc1 Nh6 15.
Be2 O-O 16. c4 Rc8 17. Qd2 dxc4 18. Bxc4 c5 19. Rfd1 Qe7 20. Bb5 Rfd8 21. dxc5
Nxe5 22. Qe2 Ng6 23. a6 Nf5 24. Rxd8+ Rxd8 25. Rd1 bxa6 26. Rxd8+ Qxd8 27. Bxa6
Nf4 28. Qe4 g5 29. Bf1 Qd1 30. Qc4 Qd7 31. g3 Nd5 32. Nd4 Nxd4 33. Qxd4 f6 34.
b4 Qa4 35. Qe4 Qc6 36. Bb5 Qc8 37. Bc4 Qd7 38. b5 f5 39. Qe5 Kf7 40. c6 Qc7 41.
Qe2 Kf6 42. Qb2+ Kf7 43. Bxd5 exd5 44. Qh8 Ke6 45. Qg8+ Kd6 46. Qxg5 Kc5 47.
Qxf5 Kxb5 48. Qxd5+ Kb6 49. Qb3+ Kc5 50. Qb7 Kd6 51. Qxc7+ Kxc7 52. Kf1 Kxc6 53.
Ke2 1-0

[Event "21st European Teams Women"]
[Site "Hersonissos GRE"]
[Date "2017.10.31"]
[Round "4.1"]
[Board "2"]
[White "Zawadzka, Jolanta"]
[Black "Garcia Martin, Marta"]
[Result "1-0"]
[WhiteTitle "WGM"]
[BlackTitle "FM"]
[WhiteElo "2422"]
[BlackElo "2315"]
[WhiteTeam "Poland"]
[BlackTeam "Spain"]
[WhiteFideId "1122320"]
[BlackFideId "32084030"]
[EventDate "2017.10.28"]

1. e4 e5 2. Nf3 Nc6 3. Bb5 a6 4. Ba4 Nf6 5. O-O b5 6. Bb3 Bc5 7. d3 d6 8. c3 h6
9. h3 O-O 10. Be3 Bxe3 11. fxe3 d5 12. exd5 Nxd5 13. Qe2 Be6 14. Nbd2 Qe7 15. a4
b4 16. c4 Nf6 17. d4 Bd7 18. Qf2 Rae8 19. c5 e4 20. Nh4 Be6 21. Nf5 Bxf5 22.
Qxf5 Na5 23. Ba2 b3 24. Nxb3 Nc4 25. Qf2 Nd5 26. Rae1 Nb4 27. Nc1 Na5 28. Qd2
Rb8 29. Re2 Nac6 30. Ref2 Nxa2 31. Nxa2 a5 32. Nc3 Nb4 33. Rf4 f5 34. Rxf5 Rxf5
35. Rxf5 Nd3 36. Nd1 Qd7 37. Rf1 Qxa4 38. Qe2 Qd7 39. Qc2 Qb5 40. Nf2 Rf8 41. b3
Re8 42. Rd1 Nb4 43. Qb1 Qb7 44. Qc1 Nd5 45. Qc4 c6 46. Re1 Kh8 47. Ng4 Rb8 48.
Qc2 Qxb3 49. Qxe4 Qb7 50. Rf1 Kg8 51. Qg6 Kh8 52. Ne5 Nxe3 53. Nf7+ Kg8 54.
Nxh6+ Kh8 55. Nf7+ Kg8 56. Ng5 Nxf1 57. Qh7+ Kf8 58. Qh8+ Ke7 59. Qxg7+ 1-0

[Event "21st European Teams Women"]
[Site "Hersonissos GRE"]
[Date "2017.10.31"]
[Round "4.1"]
[Board "3"]
[White "Matnadze, Ana"]
[Black "Kulon, Klaudia"]
[Result "1-0"]
[WhiteTitle "IM"]
[BlackTitle "WGM"]
[WhiteElo "2368"]
[BlackElo "2358"]
[WhiteTeam "Spain"]
[BlackTeam "Poland"]
[WhiteFideId "13601377"]
[BlackFideId "1131044"]
[EventDate "2017.10.28"]

1. Nf3 Nf6 2. g3 g6 3. Bg2 Bg7 4. O-O O-O 5. d4 d6 6. c4 Nc6 7. Nc3 Bf5 8. Nh4
Bd7 9. f4 a6 10. e4 Bg4 11. Qd3 e5 12. d5 Nd4 13. Be3 Nd7 14. h3 Nc5 15. Qd2 Bd7
16. f5 Bf6 17. Rae1 g5 18. Nf3 Nxf3+ 19. Bxf3 b6 20. b4 Na4 21. Nd1 Be7 22. Nf2
f6 23. Rc1 c5 24. dxc6 Bxc6 25. Bd1 Kh8 26. Bb3 Rb8 27. Rfd1 Qe8 28. Kh2 b5 29.
cxb5 axb5 30. Qe2 Rc8 31. h4 Ba8 32. Rxc8 Qxc8 33. Rc1 Qe8 34. Be6 Bd8 35. Rc8
Bc6 36. Qc2 Bb7 37. Rb8 Qe7 38. hxg5 fxg5 39. g4 h6 40. Bd5 Bxd5 41. exd5 h5 42.
Ne4 hxg4 43. Nxg5 Qf6 44. Kg3 Nb6 45. Qh2+ 1-0

[Event "21st European Teams Women"]
[Site "Hersonissos GRE"]
[Date "2017.10.31"]
[Round "4.1"]
[Board "4"]
[White "Majdan, Joanna"]
[Black "Calzetta Ruiz, Monica"]
[Result "1-0"]
[WhiteTitle "WGM"]
[BlackTitle "WGM"]
[WhiteElo "2349"]
[BlackElo "2218"]
[WhiteTeam "Poland"]
[BlackTeam "Spain"]
[WhiteFideId "1121979"]
[BlackFideId "2204185"]
[EventDate "2017.10.28"]

1. e4 e5 2. Nf3 Nf6 3. Nc3 Bb4 4. d3 Nc6 5. a3 Bxc3+ 6. bxc3 O-O 7. c4 h6 8. g3
d6 9. Bg2 Be6 10. h3 Nh7 11. Nh4 Qf6 12. Rb1 Rab8 13. Be3 g5 14. Nf5 Bxf5 15.
exf5 Qxf5 16. Be4 Qd7 17. h4 g4 18. Bxh6 Rfe8 19. Rxb7 f5 20. Bd5+ Kh8 21. Rxb8
Rxb8 22. O-O Ne7 23. Bg2 c5 24. f4 gxf3 25. Qxf3 f4 26. gxf4 Nf5 27. Bg5 Nd4 28.
Qh5 Rb2 29. fxe5 1-0

[Event "21st European Teams Women"]
[Site "Hersonissos GRE"]
[Date "2017.10.31"]
[Round "4.2"]
[Board "2"]
[White "Lagno, Kateryna"]
[Black "Batsiashvili, Nino"]
[Result "1-0"]
[WhiteTitle "GM"]
[BlackTitle "IM"]
[WhiteElo "2541"]
[BlackElo "2472"]
[WhiteTeam "Russia"]
[BlackTeam "Georgia"]
[WhiteFideId "14109336"]
[BlackFideId "13602993"]
[EventDate "2017.10.28"]

1. e4 e5 2. Nf3 Nc6 3. Bc4 Bc5 4. c3 Nf6 5. d4 exd4 6. cxd4 Bb4+ 7. Bd2 Bxd2+ 8.
Nbxd2 d5 9. exd5 Nxd5 10. O-O O-O 11. Rc1 Bf5 12. Re1 Nb6 13. Ba6 Nxd4 14. Bxb7
Rb8 15. Be4 Nxf3+ 16. Nxf3 Qxd1 17. Rcxd1 Bxe4 18. Rxe4 Rfc8 19. b3 Kf8 20. Kf1
c5 21. Ne5 Re8 22. Ree1 Rbd8 23. Nc6 Rxd1 24. Rxd1 a6 25. Rd6 Rc8 26. Ne5 f6 27.
Rxb6 fxe5 28. Rxa6 c4 29. bxc4 Rxc4 30. Ke2 Rc2+ 31. Ke3 h5 32. Ra7 g6 33. a4
Ra2 34. a5 Ra3+ 35. Ke4 Ra2 36. a6 Ra5 37. h4 Ke8 38. g3 Kd8 39. Ra8+ Kc7 40. a7
Kb7 41. Rg8 Kxa7 42. Rxg6 Ra2 43. Rf6 Re2+ 44. Kf3 Re1 45. Rh6 Kb7 46. Rxh5 Kc6
47. Rf5 Kd6 48. Kg4 Ke6 49. h5 Rh1 50. f4 exf4 51. Rxf4 1-0

[Event "21st European Teams Women"]
[Site "Hersonissos GRE"]
[Date "2017.10.31"]
[Round "4.2"]
[Board "3"]
[White "Khotenashvili, Bela"]
[Black "Gunina, Valentina"]
[Result "0-1"]
[WhiteTitle "GM"]
[BlackTitle "GM"]
[WhiteElo "2459"]
[BlackElo "2502"]
[WhiteTeam "Georgia"]
[BlackTeam "Russia"]
[WhiteFideId "13602640"]
[BlackFideId "4167570"]
[EventDate "2017.10.28"]

1. c4 Nf6 2. Nc3 c5 3. g3 e6 4. Nf3 b6 5. e4 Bb7 6. d3 d6 7. Bg2 g6 8. O-O Bg7
9. Re1 e5 10. a3 O-O 11. b4 Nc6 12. Rb1 Bc8 13. h3 Be6 14. Nd5 Nd7 15. Bg5 f6
16. Bd2 Re8 17. Kh2 Bf7 18. h4 Nf8 19. bxc5 dxc5 20. a4 Rb8 21. Bh3 a5 22. Ng1
Nb4 23. Be3 Be6 24. Ne2 Bxh3 25. Kxh3 Qd7+ 26. Kg2 f5 27. f3 Ne6 28. Nec3 f4 29.
Bf2 fxg3 30. Bxg3 Rf8 31. Ne2 Rf7 32. Rf1 h5 33. Rf2 Rbf8 34. Nxb6 Qd8 35. Nd5
g5 36. Qd2 gxh4 37. Bh2 h3+ 38. Kh1 Rxf3 39. Rxf3 Rxf3 40. Nxb4 cxb4 41. Rg1 Kh7
42. Rg3 Rxg3 43. Nxg3 Nf4 44. c5 b3 45. Bg1 Qg5 46. Kh2 Qg4 47. c6 h4 48. Bf2
Qf3 49. Be1 hxg3+ 50. Bxg3 Ne2 0-1

[Event "21st European Teams Women"]
[Site "Hersonissos GRE"]
[Date "2017.10.31"]
[Round "4.2"]
[Board "4"]
[White "Girya, Olga"]
[Black "Javakhishvili, Lela"]
[Result "0-1"]
[WhiteTitle "WGM"]
[BlackTitle "IM"]
[WhiteElo "2505"]
[BlackElo "2438"]
[WhiteTeam "Russia"]
[BlackTeam "Georgia"]
[WhiteFideId "4195752"]
[BlackFideId "13601458"]
[EventDate "2017.10.28"]

1. d4 d6 2. Nf3 Nf6 3. c4 g6 4. Nc3 Bf5 5. Qb3 b6 6. h3 Nc6 7. g4 Bd7 8. e4 e5
9. Be3 exd4 10. Nxd4 Bg7 11. O-O-O O-O 12. f3 a6 13. Nxc6 Bxc6 14. h4 b5 15. h5
Qe7 16. Rd2 bxc4 17. Bxc4 Rfb8 18. Qc2 d5 19. h6 Bh8 20. exd5 Qxe3 21. dxc6 Qxf3
22. Rf1 Qxg4 23. Bb3 Rf8 24. Kb1 Qg5 25. Rdf2 Rae8 26. Qc1 Qe5 27. Qf4 Qe7 28.
Qh4 Nd5 29. Qxe7 Nxc3+ 30. bxc3 Rxe7 31. Kc2 Be5 32. a4 a5 33. Bd5 Bg3 34. Rg2
Bd6 35. Rgf2 Bc5 36. Rf3 Be3 37. Re1 Bg5 38. Rxe7 Bxe7 39. Kd3 Bg5 40. Kc4 Bxh6
41. Kb5 Kg7 42. Ka6 Bg5 43. Kb7 Bd8 44. Rd3 f5 45. Bh1 g5 46. Rd5 g4 47. Rxa5 h5
48. Rd5 h4 49. a5 h3 50. a6 g3 51. Bf3 g2 52. Rd1 Bg5 53. Bxg2 hxg2 54. Rg1 Be3
55. Rxg2+ Kf6 56. a7 Bxa7 57. Kxa7 f4 58. Kb7 Rf7 59. Rd2 f3 60. c4 Ke5 61. c5
f2 62. Rxf2 Rxf2 63. Kxc7 Kd5 64. Kb7 Rb2+ 65. Kc7 Kxc5 66. Kd7 Rd2+ 0-1

[Event "21st European Teams Women"]
[Site "Hersonissos GRE"]
[Date "2017.10.31"]
[Round "4.3"]
[Board "1"]
[White "Peng, Zhaoqin"]
[Black "Zimina, Olga"]
[Result "1/2-1/2"]
[WhiteTitle "GM"]
[BlackTitle "IM"]
[WhiteElo "2362"]
[BlackElo "2394"]
[WhiteTeam "Netherlands"]
[BlackTeam "Italy"]
[WhiteFideId "1004786"]
[BlackFideId "4132190"]
[EventDate "2017.10.28"]

1. d4 d5 2. Bf4 Nf6 3. e3 c5 4. c3 Nc6 5. Nd2 cxd4 6. exd4 Bg4 7. Qb3 Qc8 8. Bd3
e6 9. h3 Bh5 10. Ngf3 Bxf3 11. Nxf3 Be7 12. O-O O-O 13. Qc2 a6 14. Rfe1 b5 15.
a3 Na5 16. b4 Nc4 17. a4 Qb7 18. Be5 h6 19. Bxc4 dxc4 20. Bxf6 Bxf6 21. a5 Rad8
22. Ne5 Rd5 23. Ng4 Bg5 24. Re2 Rfd8 25. Rae1 Bf4 26. Qe4 Bb8 27. g3 h5 28. Nh2
Qe7 29. Nf3 Qf6 30. Kg2 g6 1/2-1/2

[Event "21st European Teams Women"]
[Site "Hersonissos GRE"]
[Date "2017.10.31"]
[Round "4.3"]
[Board "2"]
[White "Brunello, Marina"]
[Black "Lanchava, Tea"]
[Result "1-0"]
[WhiteTitle "FM"]
[BlackTitle "IM"]
[WhiteElo "2353"]
[BlackElo "2314"]
[WhiteTeam "Italy"]
[BlackTeam "Netherlands"]
[WhiteFideId "822590"]
[BlackFideId "1005308"]
[EventDate "2017.10.28"]

1. e4 d6 2. d4 Nf6 3. Nc3 e5 4. Nf3 Nbd7 5. Bc4 Be7 6. O-O O-O 7. Re1 c6 8. a4
b6 9. b3 a6 10. Bb2 Bb7 11. Bd3 g6 12. Nb1 exd4 13. Nxd4 c5 14. Nf3 d5 15. e5
Nh5 16. Nc3 Re8 17. Bf1 Nf8 18. Qd2 Ne6 19. Rad1 Nc7 20. g3 d4 21. Ne4 f5 22.
Neg5 h6 23. Bc4+ Bd5 24. Nh3 g5 25. Qe2 Ng7 26. Nxd4 cxd4 27. Rxd4 Nge6 28. Rxd5
Nxd5 29. Rd1 Nec7 30. Qh5 Bf8 31. Qg6+ Bg7 32. e6 Qe7 33. Bxd5 Nxd5 34. Rxd5
Rad8 35. Rxf5 Rf8 36. Nxg5 hxg5 37. Rxg5 Rd1+ 38. Kg2 Qb7+ 39. Kh3 Rxf2 40.
Qxg7+ Qxg7 41. Rxg7+ Kf8 42. e7+ Ke8 43. Ba3 1-0

[Event "21st European Teams Women"]
[Site "Hersonissos GRE"]
[Date "2017.10.31"]
[Round "4.3"]
[Board "3"]
[White "Paulet, Iozefina"]
[Black "Sedina, Elena"]
[Result "0-1"]
[WhiteTitle "WGM"]
[BlackTitle "IM"]
[WhiteElo "2281"]
[BlackElo "2288"]
[WhiteTeam "Netherlands"]
[BlackTeam "Italy"]
[WhiteFideId "1213261"]
[BlackFideId "812153"]
[EventDate "2017.10.28"]

1. e4 e6 2. d4 d5 3. e5 c5 4. c3 Qb6 5. Nf3 Nc6 6. a3 c4 7. Nbd2 f6 8. exf6 Nxf6
9. b3 cxb3 10. Nxb3 Qc7 11. Bd3 Bd6 12. O-O O-O 13. c4 dxc4 14. Bxc4 Kh8 15. Bb2
e5 16. dxe5 Nxe5 17. Bxe5 Bxe5 18. Nxe5 Qxe5 19. Qd4 Qxd4 20. Nxd4 Bd7 21. Nf3
b5 22. Ba2 Rfe8 23. Ng5 g6 24. f4 Kg7 25. Rfc1 Rac8 26. Nf3 Rxc1+ 27. Rxc1 Rc8
28. Re1 Re8 29. Rb1 Re3 30. Bb3 Bf5 31. Rb2 a5 32. Nd4 Ng4 33. g3 Be4 34. Nc2
Re2 35. h3 Rg2+ 36. Kf1 Ne3+ 37. Nxe3 Rxb2 38. Bd1 Bd3+ 39. Ke1 Ra2 40. a4 bxa4
41. Nd5 a3 42. Nc3 Rb2 0-1

[Event "21st European Teams Women"]
[Site "Hersonissos GRE"]
[Date "2017.10.31"]
[Round "4.3"]
[Board "4"]
[White "Gueci, Tea"]
[Black "Kazarian, Anna-Maja"]
[Result "1/2-1/2"]
[WhiteTitle "WFM"]
[BlackTitle "FM"]
[WhiteElo "2161"]
[BlackElo "2191"]
[WhiteTeam "Italy"]
[BlackTeam "Netherlands"]
[WhiteFideId "872342"]
[BlackFideId "1033689"]
[EventDate "2017.10.28"]

1. c4 c6 2. e4 d5 3. exd5 cxd5 4. d4 Nf6 5. Nc3 Nc6 6. Nf3 Bg4 7. cxd5 Nxd5 8.
Qb3 Bxf3 9. gxf3 e6 10. Qxb7 Nxd4 11. Bb5+ Nxb5 12. Qc6+ Ke7 13. Qxb5 Qd7 14.
Nxd5+ Qxd5 15. Qxd5 exd5 16. Be3 Ke6 17. Ke2 Bd6 18. Kd3 f6 19. Rhe1 Kf7 20. h3
Rhc8 21. Rac1 a5 22. Bd4 a4 23. Rg1 Bf4 24. Rc3 Rxc3+ 25. Bxc3 h5 26. Re1 Rc8
27. b3 axb3 28. axb3 Rb8 29. b4 Bd6 30. Rb1 Rb5 31. Ra1 Rb8 32. Rb1 Rb5 1/2-1/2

[Event "21st European Teams Women"]
[Site "Hersonissos GRE"]
[Date "2017.10.31"]
[Round "4.4"]
[Board "1"]
[White "Botsari, Anna-Maria"]
[Black "Danielian, Elina"]
[Result "1/2-1/2"]
[WhiteTitle "WGM"]
[BlackTitle "GM"]
[WhiteElo "2287"]
[BlackElo "2415"]
[WhiteTeam "Greece 1"]
[BlackTeam "Armenia"]
[WhiteFideId "4200446"]
[BlackFideId "13300210"]
[EventDate "2017.10.28"]

1. d4 Nf6 2. c4 e6 3. g3 c5 4. d5 exd5 5. cxd5 d6 6. Nc3 g6 7. Bg2 a6 8. a4 Bg7
9. Nf3 O-O 10. O-O Re8 11. Bf4 Bf5 12. Nh4 Bc8 13. Nf3 Bf5 14. Nh4 Bc8 15. Nf3 1/2-1/2

[Event "21st European Teams Women"]
[Site "Hersonissos GRE"]
[Date "2017.10.31"]
[Round "4.4"]
[Board "2"]
[White "Mkrtchian, Lilit"]
[Black "Tsolakidou, Stavroula"]
[Result "1/2-1/2"]
[WhiteTitle "IM"]
[BlackTitle "WGM"]
[WhiteElo "2390"]
[BlackElo "2340"]
[WhiteTeam "Armenia"]
[BlackTeam "Greece 1"]
[WhiteFideId "13300601"]
[BlackFideId "4264312"]
[EventDate "2017.10.28"]

1. Nf3 Nf6 2. g3 d5 3. Bg2 c6 4. c4 Bf5 5. O-O e6 6. cxd5 exd5 7. d3 Be7 8. Qb3
Qb6 9. Qc2 O-O 10. Nc3 Na6 11. a3 h6 12. e4 dxe4 13. dxe4 Bh7 14. Be3 Qd8 15.
Rad1 Qc8 16. Nd4 Nc5 17. Nf5 Bxf5 18. exf5 Ncd7 19. h3 Re8 20. Na4 Bd8 21. Bd4
Bc7 22. Rfe1 Rxe1+ 23. Rxe1 Bd6 24. b4 Qc7 25. Qb3 Be5 26. Bxe5 Nxe5 27. Qc3 Re8
28. b5 Qe7 29. Re3 cxb5 30. Nc5 Qd6 31. Bxb7 Qc7 32. Bg2 Nc4 33. Rxe8+ Nxe8 34.
Ne4 Qe7 35. a4 a6 36. axb5 axb5 37. Qd4 Qe5 38. Qxe5 Nxe5 39. f4 Nc4 40. Bf1
Ncd6 41. Nxd6 Nxd6 42. Bd3 Kf8 43. Kf2 Ke7 44. Ke3 Kd7 45. Kd4 Kc6 46. g4 f6 47.
Be2 b4 48. Bf3+ Kb6 49. Bd1 Nb5+ 50. Kc4 Nc3 51. Bb3 Ka5 52. h4 Ne2 53. Kd5
Nxf4+ 54. Kd6 Nd3 55. Ke7 Nf2 56. Kf7 Nxg4 57. Kxg7 Kb6 58. Kg6 Kc5 59. Kh5 Ne3
60. Kg6 Ng4 61. Kh5 Ne3 62. Kg6 Ng4 63. Kh5 Ne3 1/2-1/2